Podoby skazu : k jedné linii moderní prozaické tvorby /

Hlavní autor: Kosáková, Hana, 1978-
Jazyk: Čeština
Vydáno: Praha : Filozofická fakulta Univerzity Karlovy, 2019
Vydání: Vydání první
Edice: Mnemosyne ; 21. svazek
Témata:
Fyzický popis: 234 stran ; 19 cm
Language note: Anglické a ruské resumé
Knihy
Uloženo v:
LEADER 02549nam a2200697 i 4500
001 nkc20193157346
003 CZ PrNK
005 20200218080249.0
007 ta
008 191104s2019 xr f 001 0 cze
015 |a cnb003157346 
020 |a 978-80-7308-938-2  |q (brožováno) 
035 |a (OCoLC)1140083545 
040 |a ABA001  |b cze  |d BOA001  |e rda 
041 0 |a cze  |b eng  |b rus 
043 |a e-ru--- 
045 |a x-x- 
072 7 |a 82.0  |x Literatura (teorie)  |2 Konspekt  |9 11 
080 |a 82.0  |2 MRF 
080 |a 808.543  |2 MRF 
080 |a 808.543-027.21  |2 MRF 
080 |a 821.161.1-3  |2 MRF 
080 |a 821.162.3-3  |2 MRF 
080 |a 82.09  |2 MRF 
080 |a (470+571)  |2 MRF 
080 |a (048.8)  |2 MRF 
100 1 |a Kosáková, Hana,  |d 1978-  |7 jo2013744044  |4 aut 
245 1 0 |a Podoby skazu :  |b k jedné linii moderní prozaické tvorby /  |c Hana Kosáková 
250 |a Vydání první 
264 1 |a Praha :  |b Filozofická fakulta Univerzity Karlovy,  |c 2019 
300 |a 234 stran ;  |c 19 cm 
336 |a text  |b txt  |2 rdacontent 
337 |a bez média  |b n  |2 rdamedia 
338 |a svazek  |b nc  |2 rdacarrier 
490 1 |a Mnemosyne ;  |v 21. svazek 
504 |a Obsahuje bibliografii, bibliografické odkazy a rejstřík 
546 |a Anglické a ruské resumé 
648 7 |a 20. století  |7 ch460558  |2 czenas 
650 0 7 |a literární teorie  |7 ph116427  |z Rusko  |y 20. století  |2 czenas 
650 0 7 |a vyprávění  |7 ph117276  |2 czenas 
650 0 7 |a naratologie  |7 ph500243  |2 czenas 
650 0 7 |a ruská próza  |7 ph125334  |y 20. století  |2 czenas 
650 0 7 |a česká próza  |7 ph116861  |y 20. století  |2 czenas 
650 0 7 |a literárněvědné rozbory  |7 ph138745  |2 czenas 
650 0 9 |a literary theory  |z Russia  |y 20th century  |2 eczenas 
650 0 9 |a storytelling  |2 eczenas 
650 0 9 |a narratology  |2 eczenas 
650 0 9 |a Russian prose literature  |y 20th century  |2 eczenas 
650 0 9 |a Czech prose literature  |y 20th century  |2 eczenas 
650 0 9 |a literary criticism and history  |2 eczenas 
653 0 |a skaz 
655 7 |a monografie  |7 fd132842  |2 czenas 
655 9 |a monographs  |2 eczenas 
810 2 |a Univerzita Karlova.  |b Filozofická fakulta.  |t Mnemosyne  |0 s 
910 2 |a BOA001  |b 1-1439.350 
928 9 |a Univerzita Karlova, Filozofická fakulta 
990 |a BK 
995 |a 01 
991 |b 201912  |c NOV 
996 6 |b 2610809134  |c 1-1439.350  |l MZK  |r Sklad / do 1 hodiny  |n 0  |p p.v.  |w 001771855  |u 000010  |a 1  |e BOA001  |j MZK50  |s P 
996 7 |b 2610814877  |c 1-1439.350  |l Vol.výběr  |r VV 1p  |n 1  |p kup  |h 82.0 KOS  |w 001771855  |u 000020  |a 0  |e BOA001  |j MZK50  |s A